logo

Bir Sreshtho Munshi Abdur Rouf Library
Jhenaidah Cadet College

Thalia / (Record no. 8607)

MARC details
000 -LEADER
fixed length control field 00525nam a22002172a 4500
001 - CONTROL NUMBER
JCCL Control Number 8607
003 - CONTROL NUMBER IDENTIFIER
JCCL marc code BD - JhCC
005 - DATE AND TIME OF LATEST TRANSACTION
control field 20180920094610.0
008 - FIXED-LENGTH DATA ELEMENTS--GENERAL INFORMATION
fixed length control field 500101s1957 enk 000 0 eng d
035 ## - SYSTEM CONTROL NUMBER
system control number (BD - JhCC)8607
040 ## - CATALOGING SOURCE
Original cataloging agency DLC
Transcribing agency GZM
Modifying agency EQO
-- BD - JhCC
041 ## - LANGUAGE CODE
Language code of Book eng
050 #0 - LIBRARY OF CONGRESS CALL NUMBER
Classification number PZ4.F276
Item number Th
082 ## - DEWEY DECIMAL CLASSIFICATION NUMBER
Author mark and Year FAV 1957
100 1# - MAIN ENTRY--PERSONAL NAME
Personal name Faviell, Frances,
Dates associated with a name 1913-
245 10 - TITLE STATEMENT
Title Thalia /
Statement of responsibility, etc Frances Faviell,
260 ## - PUBLICATION, DISTRIBUTION, ETC. (IMPRINT)
Place of publication, distribution, etc London :
Name of publisher, distributor, etc Cassell,
Date of publication, distribution, etc [1957]
300 ## - PHYSICAL DESCRIPTION
Pagination 288 p.
Dimensions 21 cm
942 ## - ADDED ENTRY ELEMENTS (KOHA)
Source of classification or shelving scheme Dewey Decimal Classification
Koha item type Books
Holdings
Source of classification or shelving scheme Damaged status Not for loan Home library Current library Shelving location Total Checkouts Full call number Barcode Date last seen Copy number Koha item type
Dewey Decimal Classification     JCC Rouf Library JCC Rouf Library General Stacks   823.914 FAV 1957 9317 02/28/2018 C - 1 Books

JCC Library | Contacts | JCC Home

Last Update on 23 September 2017
Copyright @ 2017-2020 JCC Rouf Library
Rouf Library, Jhenidah Cadet College (JCC), Bangladesh